| 000 | 00829nam a2200217 a 4500 | ||
|---|---|---|---|
| 001 | 55999 | ||
| 003 | BD-RjUL | ||
| 005 | 20211209080336.0 | ||
| 008 | 161124s1972 ii ||||| |||| 00| 0 eng d | ||
| 035 | _a(BD-RjUL)56123 | ||
| 040 |
_aBD-RjUL _beng _cBD-RjUL |
||
| 041 | _aeng | ||
| 082 |
_223 _a891.4409 _bSAB 1972 |
||
| 100 | 1 |
_aসাস্নাল, অরুন _9166744 |
|
| 245 | 1 | 0 |
_aবাঙালী সাংস্কতি ও লেবেডফ / _cঅরুন সাস্নাল |
| 260 |
_aকলকাতা : _bপ্রতিভা, _c১৯৭২. |
||
| 300 |
_aবিভিন্ন পৃ ; _c২০ সেমি. |
||
| 650 |
_aবাংলা সাহিত্য _xইতিহাস ও সমালোচনা _9166745 |
||
| 650 |
_aBangli Literature _xHistory and criticism _9166746 |
||
| 942 |
_2ddc _cBK |
||
| 999 |
_c55999 _d55999 |
||